• 首页
  • 本馆介绍
  • 公告通知
  • 最新文献
  • 馆藏检索
  • 电子资源
  • 读者导购
  • 参考咨询
  • 我的图书馆
  • 登录
  • 详细信息显示
  • 放入我的书架
  • 预约/预借图书
  • 作者相关作品
  • 分类相关作品
  • 丛书相关作品
  • 出版社相关作品

书目信息

  • 表格格式
  • 工作单格式
  • 卡片格式
题名:
美国城市发展模式
    
 
作者: 王旭 著
分册:  
出版信息: 北京   清华大学出版社  2006
页数: 518页
开本: 21cm
丛书名: 城市美国
单 册:
中图分类: K971.25 , F299.712.1
科图分类:
主题词: 城市史 , 城市史--美国 , 城市经济 , 市政经济
电子资源:
ISBN: 7-302-12010-2
000 01476nam0 2200337 450
000 01399nam0 2200301 450
000 01329nam0 2200277 450
000 01292nam0 2200265 450
005 20070602090358.25
010    @a7-302-12010-2@dCNY29.80
100    @a20051031d2005 em y0chiy0120 ea
101 0  @achi
102    @aCN@b110000
105    @aa z 001yy
200 1  @a美国城市发展模式@AMei Guo Cheng Shi Fa Zhan Mo Shi@b专著@dThe patterns of American urban development@efrom urbanization to metropolitanization@e从城市化到大都市区化@ECong Cheng Shi Hua Dao Da Dou Shi Qu Hua@f王旭著@FWang Xu Zhu@zeng
210    @a北京@c清华大学出版社@d2006
215    @a518页@c图@d21cm
225 2  @a城市美国
300    @a教育部哲学社会科学研究重大项目(跨世纪优秀人才计划)资助的最终成果
330    @a美国城市发展经历了以单核城市集中发展为特征的传统城市化和以中心城市与外围城市互动发展为特征的大都市区化两个互相衔接但又各有特色的阶段,本书征引统计数据和资料,梳理和分析了在这两个阶段中美国城市的地域分布、空间结构、产业结构、人口结构、市政管理、城市文化和房地产开发等诸多方面的变化。
410  0 @12001 @a城市美国
510 1  @aPatterns of American urban development@efrom urbanization to metropolitanization@zeng
606 0  @a城市史
606 0  @a城市史@y美国
606 0  @a城市经济
606 0  @a市政经济
690    @aK971.25@v4
690    @aF299.712.1@v3
701  0 @a王旭@AWang Xu@f(1953~)@4著
801  0 @aCN@bTAOJIN@c20070602
905    @a10447@dF299.712.1@e538
    
    美国城市发展模式=The patterns of American urban development:from urbanization to metropolitanization:从城市化到大都市区化/王旭著.-北京:清华大学出版社,2006
    518页:图;21cm.-(城市美国 )
    教育部哲学社会科学研究重大项目(跨世纪优秀人才计划)资助的最终成果
    
    ISBN 7-302-12010-2:CNY29.80
    美国城市发展经历了以单核城市集中发展为特征的传统城市化和以中心城市与外围城市互动发展为特征的大都市区化两个互相衔接但又各有特色的阶段,本书征引统计数据和资料,梳理和分析了在这两个阶段中美国城市的地域分布、空间结构、产业结构、人口结构、市政管理、城市文化和房地产开发等诸多方面的变化。
●
相关链接 在E读中查询图书 在五车中查询图书 在当当中查询图书 在豆瓣中查询图书


正题名:美国城市发展模式     索取号:F299.712.1/538         预约/预借

序号 登录号 条形码 馆藏地/架位号 状态 备注
1 0524187   205241870   第一样本阅览室/ [索取号:F299.712.1/538] 在馆    
2 0524188   205241889   密集书库/ [索取号:F299.712.1/538] 在馆    
3 0524189   205241898   第一借阅区/ [索取号:F299.712.1/538] 在馆    
4 0524190   205241905   第一借阅区/ [索取号:F299.712.1/538] 在馆    
5 0524191   205241914   第一借阅区/ [索取号:F299.712.1/538] 在馆    
6 0524192   205241923   密集书库/ [索取号:F299.712.1/538] 在馆    
7 0524193   205241932   密集书库/ [索取号:F299.712.1/538] 在馆    
8 0524194   205241941   第一借阅区/ [索取号:F299.712.1/538] 在馆    
唐山师范学院图书馆 欢迎您!
大连网信软件有限公司© 版权所有